Magyar irodalom Szlovákiában 1945-1955 2. rész

Bibliographic Details
Main Author: Szeberényi, Zoltán (Author)
Format: Book
Language:Hungarian
PhysicalDescription:49 s. 21 cm
Published: Banská Bystrica Metodické centrum 1997
ISBN:8080411689
Subjects:

MARC

LEADER 00000cam a2200000 a 4500
001 vtls001289411
003 SK-MaSNL
005 20260425224905.0
008 240702s1997 xo grn 000 m hun
015 |a SNBA1997/1103108 
020 |a 8080411689 
035 |a SNK000241031 
035 |a urn:nbn:sk:snk-amk5z0 
035 |a urn:nbn:sk:snk-am004mcz 
035 |a B27A218F-A085-4B6C-AE5A-360D47107E03 
040 |a SNK  |b slo  |c SNK  |e AACR2 
041 0 |a hun 
043 |a e-xo--- 
044 |a xo  |c SK 
072 7 |a 821.51.09  |x Uralskoaltajské literatúry (o nich)  |2 konspekt 
080 |a 894.511 (437.6)(091)"1945/1995"=945.11  |2 1981 
080 |a 82(091):894.511 (437.6)"1945/1995"=945.11  |2 1981 
080 |a 821.511.141(091)  |2 2001 
080 |a 821.511.141  |2 2011 
080 |a (437.6)  |2 2011 
080 |a (082.21)  |2 2011 
100 1 |a Szeberényi, Zoltán  |4 aut  |9 280241 
245 1 0 |a Magyar irodalom Szlovákiában 1945-1955  |n 2. rész  |c Zoltán Szeberényi 
246 1 0 |a Maďarská literatúra na Slovensku 1945-1955 
260 |a Banská Bystrica  |b Metodické centrum  |c 1997 
300 |a 49 s.  |c 21 cm 
500 |a Tir. slov. 
500 |a 70 výt. 
504 |a Bibliogr. s. 48 
648 7 |a 1945-1995  |2 SNKPH  |9 382868 
650 0 7 |a dejiny maďarskej literatúry  |2 SNKPH  |9 82983 
650 0 7 |a maďarská literatúra  |2 SNKPH  |9 1193 
651 7 |a Slovensko  |2 SNKPHgeo  |9 14231 
655 7 |a výbery  |2 SNKPH  |9 67620 
852 |a Slovenská národná knižnica 
919 |a 80-8041-168-9 
954 |a beletria cudzojazyčná (svetová)  |2 lita 
954 |a odborná, vedecká literatúra cudzojazyčná (svetová)  |2 lita 
958 |a TL 
958 |a LX 
958 |a UO 
958 |a NB 
958 |a HU 
999 |c 628683  |d 630613 
952 |t P60, <09>, [BOOK], {629}  |a SNK  |b SNK  |y NEVYP  |7 0  |o snkC 1383  |i snk2627/970610  |0 0  |1 0  |4 0  |d 1997-06-10  |l 0  |r 2005-01-02 00:00:00  |w 2026-02-23 
952 |t P60, <03>, [BOOK], {603}  |a SNK  |b SNK  |y PREZ  |7 0  |p 17A0072932  |o snkSC 93314/2  |i snkKSP 5882/97  |0 0  |1 0  |4 0  |d 1997-06-10  |f 1  |l 0  |r 2025-09-11 00:00:00  |w 2026-02-23 
952 |t P60, <04>, [BOOK], {604}  |a SNK  |b SNK  |y VYP  |7 0  |p 17A0102866  |o snkSC 93314/2 D1  |i snkKSP 6010/97  |0 0  |1 0  |4 0  |d 1997-06-17  |l 0  |r 2005-01-02 00:00:00  |w 2026-02-23